Psicología de la mujer: la otra mitad de la experiencia humana
שמור ב:
| מחבר ראשי: | |
|---|---|
| פורמט: | ספר |
| שפה: | ספרדית |
| יצא לאור: |
Madrid
Morata
1995
|
| סדרה: | Colección Psicología. Manuales
|
| נושאים: | |
| תגים: |
הוספת תג
אין תגיות, היה/י הראשונ/ה לתייג את הרשומה!
|
MARC
| LEADER | 00000nam a2200000 a 4500 | ||
|---|---|---|---|
| 001 | UCN8884 | ||
| 003 | CL-VaPUC | ||
| 008 | 011123e19950000SP |||||||||||||||||spa|d | ||
| 082 | 0 | 4 | |a 155.633 |b HYD |2 21 |
| 100 | |a Hyde, Janet Shibley |e author |9 465455 | ||
| 245 | 1 | 0 | |a Psicología de la mujer: la otra mitad de la experiencia humana |
| 300 | |a 509 p | ||
| 942 | |c BK | ||
| 945 | |d 20011123 00:00:00 |a vberengu | ||
| 260 | |a Madrid |b Morata |c 1995 | ||
| 650 | 7 | |a PSICOLOGIA DE LA MUJER |2 CL-VaPUC |9 315162 | |
| 650 | 7 | |a SEXUALIDAD FEMENINA |2 CL-VaPUC |9 461124 | |
| 650 | 7 | |a MALTRATO A LA MUJER |2 CL-VaPUC |9 465456 | |
| 650 | 0 | |a Lesbianismo |9 335145 | |
| 650 | 0 | |a Mujeres |9 257649 | |
| 650 | 0 | |a Integración social |9 319662 | |
| 583 | |a last modification |c 20130102 10:22:03 |k Rodrigo Vera | ||
| 490 | 0 | |a Colección Psicología. Manuales | |
| 999 | |c 298621 |d 298619 | ||
| 952 | |0 0 |1 0 |4 0 |6 155_633000000000000_HYD_1995 |7 0 |8 A |9 354338 |a BIBEDU |b BIBEDU |d 2019-11-21 |i 3777944 |l 1 |o 155.633 HYD 1995 |p 3777944 |r 2023-03-13 |s 2020-03-05 |w 2019-11-21 |y BK |k PSI | ||